[Event "Titled Tuesday intern op 16th Jan Late"]
[Site "Chess.com INT"]
[Date "2024.01.16"]
[Round "1"]
[White "Kokoszczynski, Jan"]
[Black "Lira, Suan Bruno Fernande"]
[Result "1-0"]
[WhiteElo "2250"]
[BlackElo "1996"]
[PlyCount "61"]
[EventDate "2024.01.16"]
[EventType "swiss (blitz)"]
[EventRounds "11"]
[EventCountry "USA"]
[SourceTitle "CB04_2024"]
[SourceDate "2023.10.16"]
[SourceVersion "1"]
[SourceVersionDate "2023.10.16"]
[SourceQuality "1"]

1. e4 c6 2. d4 d5 3. exd5 cxd5 4. Bd3 Nc6 5. c3 Nf6 6. Bf4 Bg4 7. Qb3 Qd7 8. Nd2 e6 9. Ngf3 Bd6 10. Bxd6 Qxd6 11. 0-0 0-0 12. Rae1 a6 13. Ne5 b5 14. a3 Rab8 15. Re3 Qc7 16. Rfe1 Nxe5 17. Rxe5 Bh5 18. R5e3 Bg6 19. Bxg6 hxg6 20. Qd1 a5 21. b4 Rfc8 22. Nb3 Ne4 23. Nc5 Nxc5 24. dxc5 Ra8 25. Qd4 Qe7 26. Qxd5 Qf6 27. Qb7 Rcb8 28. Qd7 axb4 29. axb4 Ra3 30. Rf3 Rd8 31. Qxb5 1-0

[Event "Wch U14"]
[Site "Montesilvano"]
[Date "2023.11.20"]
[Round "7"]
[White "Vommaro, Stanislao"]
[Black "Lira, Suan Bruno Fernande"]
[Result "1/2-1/2"]
[WhiteElo "2083"]
[BlackElo "1858"]
[PlyCount "116"]
[EventDate "2023.11.13"]
[EventType "swiss"]
[EventRounds "11"]
[EventCountry "ITA"]
[SourceTitle "CB48_2023"]
[SourceDate "2023.11.29"]
[SourceVersion "1"]
[SourceVersionDate "2023.11.29"]
[SourceQuality "1"]

1. e4 c6 2. d4 d5 3. Nc3 dxe4 4. Nxe4 Nf6 5. Nxf6+ exf6 6. c3 Bd6 7. Bd3 0-0 8. Ne2 Re8 9. 0-0 Nd7 10. Bf4 Nf8 11. Qd2 Ng6 12. Bxd6 Qxd6 13. f4 f5 14. Ng3 Ne7 15. Bc4 b5 16. Bb3 Nd5 17. Bxd5 Qxd5 18. Rfe1 Be6 19. Re5 Qd7 20. a3 f6 21. Re2 Bc4 22. Rxe8+ Rxe8 23. Re1 g6 24. Kf2 Kf7 25. Rxe8 Qxe8 26. Qe3 Qd7 27. Ke1 a5 28. Kf2 Qd5 29. Qf3 Qd6 30. h4 Bd5 31. Qe3 Be6 32. Ne2 Qd5 33. Nc1 Qe4 34. Nd3 Bd5 35. Qxe4 fxe4 36. Nc5 e3+ 37. Kxe3 Bxg2 38. b3 Bd5 39. Kd3 g5 40. hxg5 fxg5 41. fxg5 Kg6 42. c4 bxc4+ 43. bxc4 Bf7 44. Ne4 Be6 45. c5 Bh3 46. Ke3 Kf5 47. Nf6 Kxg5 48. Nxh7+ Kg6 49. d5 Kxh7 50. dxc6 Kg7 51. Kd4 Kf7 52. Kc4 Ke6 53. Kb5 Kd5 54. c7 Bc8 55. a4 Kd4 56. c6 Kd5 57. Kb6 Kd6 58. Kxa5 Kxc6 1/2-1/2

[Event "Wch U14"]
[Site "Montesilvano"]
[Date "2023.11.16"]
[Round "4"]
[White "Lira, Suan Bruno Fernande"]
[Black "Ermitsch, Magnus"]
[Result "0-1"]
[WhiteElo "1858"]
[BlackElo "2206"]
[PlyCount "56"]
[EventDate "2023.11.13"]
[EventType "swiss"]
[EventRounds "11"]
[EventCountry "ITA"]
[SourceTitle "CB48_2023"]
[SourceDate "2023.11.29"]
[SourceVersion "1"]
[SourceVersionDate "2023.11.29"]
[SourceQuality "1"]

1. d4 Nf6 2. c4 e6 3. Nf3 d5 4. Nc3 Be7 5. Bf4 0-0 6. e3 b6 7. Bd3 c5 8. cxd5 Nxd5 9. Nxd5 exd5 10. dxc5 bxc5 11. 0-0 Be6 12. Ne5 c4 13. Be2 f6 14. Nf3 Nc6 15. Nd4 Nxd4 16. Qxd4 Qb6 17. Rfd1 Bc5 18. Qc3 Rfd8 19. Qc2 Rac8 20. Bg3 Bf7 21. Bg4 Rc6 22. Bf3 Rcc8 23. Bg4 Bg6 24. Qc3 Rc6 25. Bf3 Bd3 26. Rxd3 cxd3 27. Bxd5+ Rxd5 28. Qc4 Qd8 0-1

[Event "Brasilia JEBS op"]
[Site "Brasilia"]
[Date "2023.10.30"]
[Round "6"]
[White "Lira, Suan Bruno Fernande"]
[Black "Fraga, Heitor Carneiro"]
[Result "1/2-1/2"]
[WhiteElo "1777"]
[BlackElo "1818"]
[PlyCount "46"]
[EventDate "2023.10.28"]
[EventType "swiss"]
[EventRounds "6"]
[EventCountry "BRA"]
[SourceTitle "Mega2024 Update 01"]
[Source "Chessbase"]
[SourceDate "2023.11.12"]
[SourceVersion "1"]
[SourceVersionDate "2023.11.12"]
[SourceQuality "1"]

1. d4 Nf6 2. c4 e6 3. Nf3 d5 4. Nc3 Be7 5. Bf4 0-0 6. e3 b6 7. cxd5 Nxd5 8. Nxd5 exd5 9. Bd3 h6 10. 0-0 c5 11. dxc5 bxc5 12. Ne5 Bb7 13. Qg4 Bc8 14. Qh5 Bg5 15. Bxg5 Qxg5 16. Qxg5 hxg5 17. Rac1 c4 18. Nxc4 dxc4 19. Be4 Nc6 20. Bxc6 Rb8 21. Bd5 Ba6 22. Bxc4 Bxc4 23. Rxc4 Rxb2 1/2-1/2

[Event "Manaus op 2nd"]
[Site "Manaus"]
[Date "2023.10.14"]
[Round "6"]
[White "Lira, Suan Bruno Fernande"]
[Black "Mesquita, Eduardo Barbosa"]
[Result "1/2-1/2"]
[WhiteElo "1777"]
[BlackElo "1979"]
[PlyCount "55"]
[EventDate "2023.10.11"]
[EventType "swiss"]
[EventRounds "9"]
[EventCountry "BRA"]
[SourceTitle "Mega2024 Update 01"]
[Source "Chessbase"]
[SourceDate "2023.11.12"]
[SourceVersion "1"]
[SourceVersionDate "2023.11.12"]
[SourceQuality "1"]

1. d4 d5 2. c4 e6 3. Nf3 Nf6 4. g3 Be7 5. Bg2 0-0 6. 0-0 dxc4 7. Qc2 a6 8. a4 Nbd7 9. Qxc4 b5 10. Qc2 Bb7 11. Bg5 c5 12. axb5 axb5 13. Rxa8 Qxa8 14. dxc5 Nxc5 15. Bxf6 gxf6 16. Nh4 Bxg2 17. Nxg2 Rd8 18. Nd2 Qa4 19. Qc3 Qd4 20. Qxd4 Rxd4 21. Nf3 Rb4 22. Rb1 f5 23. Ne3 Bf6 24. Nd1 Na4 25. b3 Nc5 26. Nd2 Rd4 27. Nf3 Rb4 28. Nd2 1/2-1/2

[Event "Manaus Expert op"]
[Site "Manaus"]
[Date "2023.09.24"]
[Round "4"]
[White "Mesquita, Eduardo Barbosa"]
[Black "Lira, Suan Bruno Fernande"]
[Result "0-1"]
[WhiteElo "2008"]
[BlackElo "1755"]
[PlyCount "86"]
[EventDate "2023.09.22"]
[EventType "swiss"]
[EventRounds "5"]
[EventCountry "BRA"]
[SourceTitle "EXT 2024"]
[Source "ChessBase"]
[SourceDate "2023.10.10"]
[SourceVersion "1"]
[SourceVersionDate "2023.10.10"]
[SourceQuality "1"]

1. e4 c6 2. d4 d5 3. e5 Bf5 4. Nf3 e6 5. Be2 Ne7 6. 0-0 c5 7. c3 Nec6 8. Re1 Nd7 9. Nbd2 cxd4 10. Nxd4 Nxd4 11. cxd4 Be7 12. Nb3 Rc8 13. Be3 Bb4 14. Nd2 Bc2 15. Qc1 Ba4 16. Qb1 Bc2 17. Qc1 0-0 18. a3 Be7 19. Nb1 Ba4 20. Nc3 Nxe5 21. dxe5 d4 22. Bxd4 Qxd4 23. Bf3 Bc5 24. Nxa4 Qxa4 25. Qg5 Bd4 26. Re4 Rc2 27. Rg4 g6 28. Qh4 Rd2 29. Re1 Qd7 30. Qh6 Bxe5 31. Rh4 Rd8 32. Qxh7+ Kf8 33. Qh6+ Bg7 34. Qf4 Rxb2 35. g3 Qe7 36. Qa4 b5 37. Qa5 Rdd2 38. Rd1 Rxd1+ 39. Bxd1 Qd6 40. Bf3 Bd4 41. Rf4 Bxf2+ 42. Kf1 Qd3+ 43. Kg2 Bb6+ 0-1

[Event "Manaus Amazonense Cup"]
[Site "Manaus"]
[Date "2022.12.04"]
[Round "3"]
[White "Lira, Suan Bruno Fernande"]
[Black "Pinto, Pedro Jorge de Mora"]
[Result "0-1"]
[WhiteElo "1611"]
[BlackElo "1948"]
[PlyCount "108"]
[EventDate "2022.12.03"]
[EventType "swiss"]
[EventRounds "7"]
[EventCountry "BRA"]
[SourceTitle "EXT 2024"]
[Source "ChessBase"]
[SourceDate "2023.10.10"]
[SourceVersion "1"]
[SourceVersionDate "2023.10.10"]
[SourceQuality "1"]

1. d4 d5 2. c4 c6 3. Nc3 Nf6 4. Nf3 g6 5. Bf4 Bg7 6. e3 0-0 7. Be2 Qa5 8. 0-0 dxc4 9. Bxc4 Nd5 10. Nxd5 cxd5 11. Bd3 Nc6 12. a3 Qb6 13. b4 Bg4 14. h3 Bxf3 15. Qxf3 Rfd8 16. Qg3 Rac8 17. Rac1 a6 18. Rc5 e6 19. Rfc1 Bf8 20. h4 Rd7 21. R5c3 Re8 22. h5 Bg7 23. hxg6 fxg6 24. Qh3 Rf7 25. g3 e5 26. dxe5 Bxe5 27. Bxe5 Rxe5 28. Rc5 Qd8 29. b5 axb5 30. Bxb5 Qf6 31. Qg2 Ne7 32. Rc7 Qd6 33. a4 b6 34. Rd7 Qa3 35. Rcc7 Kg7 36. Rb7 h5 37. Rbc7 Ref5 38. Bf1 Qb4 39. Rc2 Qxa4 40. Rdc7 h4 41. g4 Rf3 42. Rxe7 Qxc2 43. Qxf3 Rxe7 44. Qxd5 Qe4 45. Qd1 Kh6 46. Bg2 Qe5 47. Qf3 Ra7 48. Qh3 Ra1+ 49. Bf1 Qf6 50. f4 g5 51. Qf3 Ra4 52. fxg5+ Kxg5 53. Qd5+ Kh6 54. e4 Qd4+ 0-1